<?xml version="1.0" encoding="UTF-8"?>
<record
    xmlns:xsi="http://www.w3.org/2001/XMLSchema-instance"
    xsi:schemaLocation="http://www.loc.gov/MARC21/slim http://www.loc.gov/standards/marcxml/schema/MARC21slim.xsd"
    xmlns="http://www.loc.gov/MARC21/slim">

  <leader>03246cam a22004574i 4500</leader>
  <controlfield tag="003">PE-LiUPU</controlfield>
  <controlfield tag="005">20250731165444.0</controlfield>
  <controlfield tag="008">160929s2015    pe a   grm    000 0 spa d</controlfield>
  <datafield tag="035" ind1=" " ind2=" ">
    <subfield code="a">(Sirsi) a163869</subfield>
  </datafield>
  <datafield tag="040" ind1=" " ind2=" ">
    <subfield code="a">PE-LiUPU</subfield>
    <subfield code="b">spa</subfield>
    <subfield code="c">PE-LiUPU</subfield>
    <subfield code="e">rda</subfield>
  </datafield>
  <datafield tag="099" ind1=" " ind2=" ">
    <subfield code="a">TE 3 </subfield>
    <subfield code="b">C17 2015</subfield>
  </datafield>
  <datafield tag="100" ind1="1" ind2=" ">
    <subfield code="a">Calsina Jove, Agust&#xED;n Mois&#xE9;s </subfield>
    <subfield code=" ">eautor</subfield>
  </datafield>
  <datafield tag="245" ind1="1" ind2="4">
    <subfield code="a">Los organizadores del conocimiento y el aprendizaje significativo: un estudio cualitativo en los estudiantes de la instituci&#xF3;n educativa n&#xB0;38911/Mx-P "Jes&#xFA;s de Nazareth" de San Lucas, Vinchos Ayacucho, 2014-2015 /</subfield>
    <subfield code="c">Agust&#xED;n Moises Calsina Jove.</subfield>
  </datafield>
  <datafield tag="264" ind1=" " ind2="0">
    <subfield code="c">2015.</subfield>
  </datafield>
  <datafield tag="300" ind1=" " ind2=" ">
    <subfield code="a">80 hojas : </subfield>
    <subfield code="b">ilustraciones;</subfield>
    <subfield code="c">30 cm</subfield>
  </datafield>
  <datafield tag="336" ind1=" " ind2=" ">
    <subfield code="a">text</subfield>
    <subfield code="2">rdacontent</subfield>
  </datafield>
  <datafield tag="337" ind1=" " ind2=" ">
    <subfield code="a">unmediated</subfield>
    <subfield code="2">rdamedia</subfield>
  </datafield>
  <datafield tag="338" ind1=" " ind2=" ">
    <subfield code="a">volume</subfield>
    <subfield code="2">rdacarrier</subfield>
  </datafield>
  <datafield tag="502" ind1=" " ind2=" ">
    <subfield code="a">Tesis</subfield>
    <subfield code="b">(Mg.) -- </subfield>
    <subfield code="c">Universidad Peruana Uni&#xF3;n,</subfield>
    <subfield code="d">2015.</subfield>
  </datafield>
  <datafield tag="504" ind1=" " ind2=" ">
    <subfield code="a">Incluye referencias</subfield>
  </datafield>
  <datafield tag="520" ind1="3" ind2=" ">
    <subfield code="a">El objetivo del presente trabajo de investigaci&#xF3;n cualitativa fue desarrollar y/o mejorar el aprendizaje de los ni&#xF1;os y ni&#xF1;as del &#xE1;rea de estudio, a trav&#xE9;s de la elaboraci&#xF3;n de organizaciones del conocimiento en las diferentes sesiones de aprendizaje, con la participaci&#xF3;n de ni&#xF1;os y ni&#xF1;as del 6to grado de educaci&#xF3;n primaria de la Instituci&#xF3;n Educativa n&#xB0;38911 Mx-P "Jes&#xFA;s de Nazareth" de San Lucas-Vinchos: Ayacucho. Se utiliz&#xF3; el m&#xE9;todo cualitativo con dise&#xF1;o investigaci&#xF3;n acci&#xF3;n. Los datos se analizaron mediante la categorizaci&#xF3;n, estructuraci&#xF3;n y teorizaci&#xF3;n. Los resultados del trabajo de investigaci&#xF3;n se pudieron evidenciar a partir de la elaboraci&#xF3;n de un plan de acci&#xF3;n, se plasm&#xF3; las actividades a desarrollar. En la actividad n&#xB0;1 respecto al taller programado, para los docentes del &#xE1;rea de estudio sobre la elaboraci&#xF3;n de organizadores fue concretado de acuerdo con los objetivos propuestos, as&#xED; como en la actividad n&#xB0;2 se desarroll&#xF3; una serie de sesiones de aprendizaje, con la participaci&#xF3;n de los ni&#xF1;os y ni&#xF1;as del &#xE1;rea de estudio, elaborando organizadores del conocimiento; de esta manera, los ni&#xF1;os formados en equipos pudieron desarrollar las capacidades de organizaci&#xF3;n, asimilaci&#xF3;n y adaptaci&#xF3;n. En la actividad n&#xB0;3 se concret&#xF3; una reuni&#xF3;n con los padres de familia, para realizar una charla de sensibilizaci&#xF3;n con el prop&#xF3;sito de comprometerlos en las actividades acad&#xE9;micas de sus hijos. Se concluye que la sistem&#xE1;tica elaboraci&#xF3;n de organizadores del conocimiento, en cada una de las sesiones de aprendizaje, permite desarrollar y, en algunos casos, mejorar las capacidades de organizaci&#xF3;n, asimilaci&#xF3;n y adaptaci&#xF3;n para lograr un aprendizaje significativo.</subfield>
  </datafield>
  <datafield tag="526" ind1=" " ind2=" ">
    <subfield code="a">SEG44</subfield>
  </datafield>
  <datafield tag="526" ind1=" " ind2=" ">
    <subfield code="a">SEG26</subfield>
  </datafield>
  <datafield tag="526" ind1=" " ind2=" ">
    <subfield code="a">P151</subfield>
  </datafield>
  <datafield tag="526" ind1=" " ind2=" ">
    <subfield code="a">P150</subfield>
  </datafield>
  <datafield tag="526" ind1=" " ind2=" ">
    <subfield code="a">P149</subfield>
  </datafield>
  <datafield tag="526" ind1=" " ind2=" ">
    <subfield code="a">P146</subfield>
  </datafield>
  <datafield tag="526" ind1=" " ind2=" ">
    <subfield code="a">P145</subfield>
  </datafield>
  <datafield tag="526" ind1=" " ind2=" ">
    <subfield code="a">P126</subfield>
  </datafield>
  <datafield tag="526" ind1=" " ind2=" ">
    <subfield code="a">P125</subfield>
  </datafield>
  <datafield tag="526" ind1=" " ind2=" ">
    <subfield code="a">P92</subfield>
  </datafield>
  <datafield tag="526" ind1=" " ind2=" ">
    <subfield code="a">P75</subfield>
  </datafield>
  <datafield tag="526" ind1=" " ind2=" ">
    <subfield code="a">P74</subfield>
  </datafield>
  <datafield tag="526" ind1=" " ind2=" ">
    <subfield code="a">P27</subfield>
  </datafield>
  <datafield tag="526" ind1=" " ind2=" ">
    <subfield code="a">P15</subfield>
  </datafield>
  <datafield tag="650" ind1="0" ind2="4">
    <subfield code="a">Educaci&#xF3;n primaria</subfield>
    <subfield code="x">Aprendizaje significativo</subfield>
  </datafield>
  <datafield tag="650" ind1="0" ind2="4">
    <subfield code="a">Estrategias de aprendizaje</subfield>
    <subfield code="x">Metodolog&#xED;a</subfield>
  </datafield>
  <datafield tag="596" ind1=" " ind2=" ">
    <subfield code="a">1</subfield>
  </datafield>
  <datafield tag="942" ind1=" " ind2=" ">
    <subfield code="2">ddc</subfield>
    <subfield code="c">TESIS</subfield>
  </datafield>
  <datafield tag="999" ind1=" " ind2=" ">
    <subfield code="a">TE 3 C17 2015</subfield>
    <subfield code="w">ALPHANUM</subfield>
    <subfield code="c">12725</subfield>
    <subfield code="i">T02026</subfield>
    <subfield code="l">CCODEBUL3</subfield>
    <subfield code="m">BUL</subfield>
    <subfield code="r">1</subfield>
    <subfield code="s">Y</subfield>
    <subfield code="t">TESIS</subfield>
    <subfield code="u">2016-9-29</subfield>
    <subfield code="x">POSGRADO</subfield>
    <subfield code="P">P57</subfield>
    <subfield code="o">.STAFF. Tesis</subfield>
    <subfield code="d">12725</subfield>
  </datafield>
  <datafield tag="980" ind1=" " ind2=" ">
    <subfield code="8">1</subfield>
    <subfield code="g">ALBERTO SANCHEZ Responsable de Automatizaci&#xF3;n</subfield>
  </datafield>
  <datafield tag="952" ind1=" " ind2=" ">
    <subfield code="r">2022-07-06 00:00:00</subfield>
    <subfield code="l">0</subfield>
    <subfield code="o">TE 3 C17 2015</subfield>
    <subfield code="p">T02026</subfield>
    <subfield code="t">e1</subfield>
    <subfield code="w">2016-09-29</subfield>
    <subfield code="x">PG</subfield>
    <subfield code="y">TESIS</subfield>
    <subfield code="z">Este &#xCD;tem NO se presta por ser Ejemplar #1.</subfield>
    <subfield code="1">0</subfield>
    <subfield code="2">ddc</subfield>
    <subfield code="7">1</subfield>
    <subfield code="8">TESIS</subfield>
    <subfield code="f">P57</subfield>
    <subfield code="a">BUL</subfield>
    <subfield code="b">BUL</subfield>
    <subfield code="c">TESIS</subfield>
    <subfield code="d">2016-09-29</subfield>
  </datafield>
</record>
